| 000 | 01168pam a2200265 i 4500 | ||
|---|---|---|---|
| 001 | 1841839 | ||
| 003 | EG-ScBUE | ||
| 005 | 20250527100551.0 | ||
| 008 | 810305t1981 ne a f b 001 0 eng d | ||
| 020 | _a9027712468 | ||
| 040 |
_aEG-ScBUE _beng _erda _cEG-ScBUE _dEG-ScBUE |
||
| 082 | 0 | 4 |
_a530.41 _222 _bFIF |
| 245 | 0 | 0 |
_aFifty years of electron diffraction : _bin recognition of fifty years of achievement by the crystallographers and gas diffractionists in the field of electron diffraction / _cgeneral editor P. Goodman ; regional and special subject editors M. J. Whelan, United Kingdom [and five others] |
| 264 | 1 |
_aDordrecht, Holland : _bPublished for the International Union of Crystallography by D. Reidel Publishing Company, _c[1981] |
|
| 264 | 4 | _cc1981 | |
| 300 |
_axiv, 440 pages : _billustrations ; _c25 cm |
||
| 336 |
_2rdacontent _atext _btxt |
||
| 337 |
_aunmediated _2rdamedia _bn |
||
| 338 |
_avolume _bnc _2rdacarrier |
||
| 504 | _aIncludes bibliographical references and index. | ||
| 650 | 7 |
_aElectrons _xDiffraction _xHistory. _927608 _2BUEsh |
|
| 655 | _vReading book | ||
| 700 | 1 |
_aGoodman, P. _q(Peter), _d1928- _927609 _eeditor. |
|
| 942 |
_2ddc _cBB |
||
| 999 |
_c16161 _d16161 |
||